000
00232nam a22001217a 4500
003
SGT
082
_b
DES
100
_a
DESAI, JITENDRA
245
_a
NATURE CARE
260
_a
INDIA
_b
JHMN
_c
1954
300
_a
71
942
_2
ddc
_c
BK
999
_c
19983
_d
19983